National strategy LGBT

Đã lưu trong:
Chi tiết về thư mục
Nhiều tác giả của công ty: UNAR, Ministero per le Pari Opportunità
Định dạng: Sách
Ngôn ngữ:Tiếng Anh
Được phát hành: Roma UNAR 2013
Các nhãn: Thêm thẻ
Không có thẻ, Là người đầu tiên thẻ bản ghi này!

MARC

LEADER 00000nam a2200000 4500
005 20240605174840.0
008 240605b |||||||| |||| 00| 0 eng d
040 |c GP 
110 |a UNAR 
245 |a National strategy LGBT 
260 |a Roma  |b UNAR  |c 2013 
710 |a Ministero per le Pari Opportunità 
942 |2 ddc  |c BK  |n 0 
952 |0 0  |1 0  |2 ddc  |4 0  |6 306_766100000000000_UNA  |7 1  |9 1353  |a RM  |b RM  |d 2024-06-05  |l 0  |o 306.7661 UNA  |p 184  |r 2024-06-05 17:49:03  |w 2024-06-05  |y BK 
999 |c 1243  |d 1243